Emil Belluš Prize 2025. 35th volume / Prezídium Spolku architektov Slovenska udelilo v roku 2025 Cenu Emila Belluša Ľubovi Závodnému za celoživotné dielo

Salvato in:
Dettagli Bibliografici
Autore principale: Hanták, Jakub, 1988- (Autore)
Altri autori: Justová, Lenka, 1999- (Compilatore)
Natura: Libro
Lingua:slovacco
Pubblicazione: Bratislava : Spolok architektov Slovenska, 2025
Edizione:1. vydanie
Soggetti:
Tags: Aggiungi Tag
Nessun Tag, puoi essere il primo ad aggiungerne!!

MARC

LEADER 00000nam a22000003a 4500
001 0119863
003 SK-STU
005 20260213091145.3
007 ta
008 250407s ----xo-----e------000-0-----d
020 |a 978-80-89934-23-2 
035 |a biblio/1503326  |2 CREPC2 
040 |a STU  |b slo 
041 0 |a slo 
044 |a xo 
245 1 0 |a Emil Belluš Prize 2025. 35th volume /  |b Prezídium Spolku architektov Slovenska udelilo v roku 2025 Cenu Emila Belluša Ľubovi Závodnému za celoživotné dielo  |c zost. Lenka Justová, Jakub Hanták 
246 3 1 |a Cena Emila Belluša 2025, 35. ročník 
250 |a 1. vydanie 
260 |a Bratislava :  |b Spolok architektov Slovenska,  |c 2025 
300 |a 82 s. 
650 4 |a Závodný, Ľubo 
700 1 |a Justová, Lenka,  |d 1999-  |u 058180  |r Z3  |9 50  |4 com  |U FAD Fakulta architektúry a dizajnu  |T FAD Ústav architektúry občianskych budov  |X 103629  |U A8180  |Y 399  |7 103629 
700 1 |a Hanták, Jakub,  |d 1988-  |4 aut  |9 50  |u 058180  |U FAD Fakulta architektúry a dizajnu  |T FAD Ústav architektúry občianskych budov  |X 68124  |U A8180  |Y 399  |7 A000068124 
996 |b 284AU10619  |c A* 13793/U  |l AAKNST  |s P  |a 0  |w 0119863_0001 
996 |b 284AU10620  |c A* 13794/U  |l AAKNAR  |s A  |a 24  |w 0119863_0002 
996 |b 284AU10621  |c A* 13795/U  |l AAKNAR  |s A  |a 24  |w 0119863_0003